Normal view
MARC view
Entry Personal Name
001 - CONTROL NUMBER
- control field: 57538
003 - CONTROL NUMBER IDENTIFIER
- control field: dpl
005 - DATE AND TIME OF LATEST TRANSACTION
- control field: 20230927115821.0
008 - FIXED-LENGTH DATA ELEMENTS
- fixed length control field: 230927|| aca||aabn | a|a d
040 ## - CATALOGING SOURCE
- Original cataloging agency: dpl
- Transcribing agency: dpl
100 ## - HEADING--PERSONAL NAME
- Personal name: Wetherall, David J
670 ## - SOURCE DATA FOUND
- Source citation: Work cat.: (dpl)198589: Tanenbaum, Andrew S. 57537, Computer Networks/, 2022
